Statistics for Folketingets partier i DK (Danmark - 2021)

Click here to take the quiz!

General Stats

  • This quiz has been taken 641 times
    (233 since last reset)
  • The average score is 9 of 11

Answer Stats

HintAnswer% Correct
Blå blok (39 mandater)Venstre, Danmarks Liberale Parti
98%
Rød blok (49 mandater)Socialdemokratiet
97%
Blå blok (16 mandater)Dansk Folkeparti
92%
Blå blok (3 mandater)Liberal Alliance
91%
Rød blok (13 mandater)Enhedslisten
90%
Rød blok (15 mandater)Socialistisk Folkeparti
87%
Blå blok (13 mandater)Det Konservative Folkeparti
84%
Rød blok (14 mandater)Radikale Venstre
81%
Grøn blok (1 mandat)Alternativet
76%
Blå blok (4 mandater)Nye Borgerlige
71%
Blå blok (1 mandat)Kristendemokraterne
60%

Score Distribution

Percentile by Number Answered

Percent of People with Each Score

Your Score History

You have not taken this quiz since the last reset